000 01280cam a22003731 4500
001 6066359
003 BJBSDDR
005 20260401181116.0
006 a|||||r|||| 00| 0
007 ta
008 770907s1955 sp r 000 0 spa
010 _a 57027998
035 _a6066359
035 _a(OCoLC)3247595
040 _aDLC
_cOTU-L
_dOTU-L
_dDLC
_bspa
041 _aspa
042 _apremarc
050 0 0 _aKZ6385
_b.K96p1955
100 1 _aKunz, Josef Laurenz,
_d1890-1970
_947804
245 1 3 _aLa problemática actual de las leyes de la guerra /
_cJosef L. Kunz.
260 _aValladolid :
_bUniversidad de Valladolid,
_c1955.
300 _a164 páginas ;
_c22 cm.
336 _atext
_btxt
_2rdacontent
337 _aunmediated
_bn
_2rdamedia
338 _avolume
_bnc
_2rdacarrier
490 0 _aCuadernos de la Cátedra "Dr. James Brown Scott"
520 _aEl libro analiza la crisis y evolución de las leyes de la guerra (hoy llamadas Derecho Internacional Humanitario), especialmente tras las guerras mundiales del siglo XX.
650 0 _aWar (International law)
906 _a7
_bcbc
_coclcrpl
_du
_encip
_f19
_gy-gencatlg
942 _2lcc
_n0
_cBK
946 _illh
999 _c126737
_d126737